История стран Азиатско-Тихоокеанского региона учебное пособие
Основное внимание уделяется характеристике исторических этапов развития стран Азиатско-Тихоокеанского региона. Пособие содержит основные понятия, помогающие усвоить учебный курс «История стран АТР». Для студентов, обучающихся по программе бакалавриата по направлениям подготовки 41.03.05 «Международн...
Tallennettuna:
| Päätekijä: | |
|---|---|
| Muut tekijät: | , , |
| Aineistotyyppi: | Книга |
| Kieli: | Russian |
| Julkaistu: |
Владивосток
ВГУЭС
2021
|
| Linkit: | https://e.lanbook.com/book/250310 https://e.lanbook.com/img/cover/book/250310.jpg |
| Tagit: |
Lisää tagi
Ei tageja, Lisää ensimmäinen tagi!
|
| LEADER | 02123nam0a2200301 i 4500 | ||
|---|---|---|---|
| 001 | 250310 | ||
| 003 | RuSpLAN | ||
| 005 | 20221220174202.0 | ||
| 008 | 221220s2021 ru gs 000 0 rus | ||
| 020 | |a 978-5-9736-0646-6 | ||
| 040 | |a RuSpLAN | ||
| 041 | 0 | |a rus | |
| 044 | |a ru | ||
| 080 | |a 94 (5 + 7) (075.8) | ||
| 084 | |a 63.3 (59:94) я 73 |2 rubbk | ||
| 245 | 0 | 0 | |a История стран Азиатско-Тихоокеанского региона |b учебное пособие |c Тушков А. А.,Алехина А. П.,Животова Д. А.,Фоменко Д. А. |
| 260 | |a Владивосток |b ВГУЭС |c 2021 | ||
| 300 | |a 188 с. | ||
| 504 | |a Библиогр.: доступна в карточке книги, на сайте ЭБС Лань | ||
| 520 | 8 | |a Основное внимание уделяется характеристике исторических этапов развития стран Азиатско-Тихоокеанского региона. Пособие содержит основные понятия, помогающие усвоить учебный курс «История стран АТР». Для студентов, обучающихся по программе бакалавриата по направлениям подготовки 41.03.05 «Международные отношения» и 41.03.01 «Зарубежное регионоведение», а также магистрантов, аспирантов и преподавателей вузов, колледжей, всем тем, кто интересуется историей стран АзиатскоТихоокеанского региона. | |
| 521 | 8 | |a Книга из коллекции ВГУЭС - Социально-гуманитарные науки | |
| 100 | 1 | |a Тушков А. А. | |
| 700 | 1 | |a Алехина А. П. | |
| 700 | 1 | |a Животова Д. А. | |
| 700 | 1 | |a Фоменко Д. А. | |
| 856 | 4 | |u https://e.lanbook.com/book/250310 | |
| 856 | 4 | 8 | |u https://e.lanbook.com/img/cover/book/250310.jpg |
| 953 | |a https://e.lanbook.com/img/cover/book/250310.jpg | ||